000 00512nam a2200181Ia 4500
003 GCL
008 140319s9999 xx 000 0 ara d
040 _aGCL /
_cGCL
082 0 4 _a813.03
_bع ل
100 1 _aعبدالعال الحمامصى
245 1 0 _aللكتاكيت اجنحة:?مجموعة قصصية /
_cعبدالعال الحمامصى
300 _a201 ص
490 _a
650 0 4 _aالادب العربى
650 0 4 _aالقصص العربية
650 0 4 _aالادب
942 _2ddc
_cBK
999 _c40237
_d40237